Pokémon Word Scramble - Galar - Statistics

General Stats
  • This quiz has been taken 20 times
  • The average score is 12 of 21
Answer Stats
Pokémon % Correct
Arctovish
100%
Arrokuda
100%
Boltund
100%
Clobbopus
100%
Flapple
100%
Impidimp
100%
Nickit
100%
Pincurchin
100%
Runerigus
100%
Sandaconda
100%
Sirfetch'd
100%
Snom
100%
Thievul
100%
Toxtricity
100%
Wooloo
100%
Grimmsnarl
89%
Corvisquire
83%
Dracozolt
83%
Barraskewda
80%
Grookey
80%
Alcremie
75%
Dreepy
75%
Duraludon
75%
Mr. Rime
75%
Sinistea
75%
Toxel
75%
Morgrem
71%
Carkol
67%
Dottler
67%
Drizzile
67%
Indeedee
67%
Milcery
67%
Morpeko
67%
Orbeetle
67%
Skwovet
67%
Centiskorch
60%
Scorbunny
60%
Sizzlipede
60%
Zacian
60%
Appletun
50%
Applin
50%
Blipbug
50%
Coalossal
50%
Cufant
50%
Dubwool
50%
Eiscue
50%
Falinks
50%
Grapploct
50%
Greedent
50%
Hattrem
50%
Perrserker
50%
Rookidee
50%
Stonjourner
50%
Hatterene
43%
Corviknight
40%
Cramorant
40%
Dragapult
40%
Eldegoss
40%
Hatenna
40%
Silicobra
40%
Thwackey
40%
Zamazenta
40%
Copperajah
33%
Dracovish
33%
Drakloak
33%
Polteageist
33%
Frosmoth
29%
Cursola
25%
Drednaw
25%
Obstagoon
25%
Rillaboom
25%
Sobble
25%
Cinderace
20%
Gossifleur
20%
Raboot
20%
Arctozolt
0%
Chewtle
0%
Eternatus
0%
Inteleon
0%
Rolycoly
0%
Yamper
0%
No matching quizzes found
Score Distribution
Percent of People with Each Score
Percentile by Number Answered
Your Score History
You have not taken this quiz